000 00501cam a22002054a 4500
005 20250605164255.0
008 250528s ||||||||||||||||||||||||d
035 _a21890
020 _a9780201592924
040 _aGR-AtMCL
_bgre
_dGR-AtMCL
_eAACR2
245 1 _aOPERATING SYSTEM CONCEPTS
250 _a4
260 _bAddison-Wesley,
_c1994
300 _a780
700 1 _aGalvin Peter Baer
_97783
700 1 _aSilberschatz Abraham
_91853
942 _cBK
999 _c6948
_d6948